01653nab a22002537a 4500999001500000003000400015005001700019008004100036040000700077245015800084260007300242300001300315500007200328505057800400505008900978650003501067650002801102650002001130650002701150650003701177650003301214773013901247942001301386 c5675d5675OSt20251226225042.0190603e xxum|||| |||| 00| 0 spa d cPJ10aPluriparentalidad en la filiación por naturaleza. Diez años de tensiones entre vínculos jurídicos y afectividad /cMaría Magdalena Galli Fiant. cCiudad Autónoma de Buenos Aires :aThomson Reuters La Ley, b2025. ap. 39-48 aCita: TR LALEY AR/DOC/1772/2025 Publicado en: RCCyC 2025 (agosto). aSumario: I. Introducción: justificación de la elección del tema.— II. La regla del doble vínculo y la visión de la doctrina tras su incorporación.— III. El binarismo y la trascendencia de la voluntad en la filiación por naturaleza.— IV. Pluriparentalidad en la filiación por naturaleza: voces doctrinarias y avances de la jurisprudencia hacia su reconocimiento.— V. Ponemos en crisis los argumentos a favor de la pluriparentalidad.— VI. Dos sentencias de la Corte en materia de filiación y normas aplicables.— VII. Cierre: atreverse a pensar.  t¿Te interesa el texto completo? Solicitalo al correo: koha@justierradelfuego.gov.ar 091497aCODIGO CIVIL Y COMERCIAL 09967aDERECHO DE FAMILIA 091004aFILIACION 094499aADOPCIÓN PLENA 096627aFILIACION EXTRAMATRIMONIAL 096628aNULIDAD DE LA ADOPCION0 0271393170dCiudad Autónoma de Buenos Aires : Thomson Reuters La Ley, 2015-tRevista Código Civil y Comercial. Nº 4 - Agosto 2025 2udccANA